000 00401nam a2200169 4500
008 190319s1989||||xo d
100 1 _aPavlovkin Michal
_9972
700 1 _aMacková Zdenka
_9973
245 1 0 _aŽiak a ucebnica
250 _a1. vydanie
260 _bSPN
_aBratislava
_c1989
300 _a123 s.
020 _a80-08-00109-7
_c0
041 1 _aslo
044 _axo
_cSK
958 _aA
999 _c22234
_d22234